The France Quiz Stats

Quiz Updated May 21, 2018

Also try: The Ireland Quiz
Challenge
Share
Tweet
Embed
Score 0/50 Timer 07:00
26 Plays Today
Hint Answer % Correct
Flag ColorRed
98.6%
Flag ColorWhite
98.5%
Flag ColorBlue
98.5%
Capital CityParis
96.3%
Official LanguageFrench
94.1%
Nationality (Demonym)French
94.1%
Bordering CountrySpain
94%
CurrencyEuro (EUR)
93.4%
Bordering CountryGermany
93.1%
Former Currency French Franc
89.7%
Bordering CountryBelgium
88.3%
Bordering CountryItaly
86.8%
Bordering CountrySwitzerland
86.6%
Bordering OceanAtlantic Ocean
83.4%
Drives on the...Right
82.6%
Most Popular SportFootball (Soccer)
80.4%
Bordering CountryLuxembourg
79.2%
Largest Religious DenominationRoman Catholic
79.1%
Tallest Structure in the Capital CityEiffel Tower
77.2%
Primary ContinentEurope
76%
Bordering CountryAndorra
74.7%
Official NameFrench Republic
70.6%
Bordering CountryMonaco
68.2%
National AnthemLa Marseillaise
65.6%
Second Largest CityMarseille
63.9%
Hint Answer % Correct
Last King before French RevolutionLouis XVI
60.1%
PresidentEmmanuel Macron
59.9%
Third Largest CityLyon
57.1%
National HolidayJuly 14th (Bastille Day)
57%
Founder of the First French EmpireNapoleon I
51.3%
Highest Point (4,807 m)Mont Blanc
49.7%
Bordering OceanIndian Ocean
44.9%
Largest IslandCorsica
42.8%
Flag NicknameFrench Tricolor
38.6%
Bordering CountryBrazil
38.3%
Bordering CountrySuriname
35%
National MottoLiberty, Equality, Fraternity
30.2%
Longest RiverLoire River
27.8%
Lowest Point (-2 m)Rhone River Delta
25.4%
Largest StadiumStade de France
24.9%
National BirdGallic Rooster
21.6%
Largest Overseas DepartmentFrench Guiana
18.9%
Parliament Upper HouseSenate
17.8%
Largest PalaceLouvre
15.3%
Largest Lake*Lake Geneva
14.9%
National Emblem (Woman Figure)Marianne
14.1%
First Winter Olympic Host CityChamonix
13.8%
Prime MinisterÉdouard Philippe
12.9%
Presidential ResidenceÉlysée Palace
10.4%
Parliament Lower HouseNational Assembly
9.8%

You're not logged in!

Compare scores with friends on all Sporcle quizzes.
Join for Free
OR
Log In

You Might Also Like...

Show Comments

Extras

Top Quizzes Today


Score Distribution

Your Account Isn't Verified!

In order to create a playlist on Sporcle, you need to verify the email address you used during registration. Go to your Sporcle Settings to finish the process.

Report this User

Report this user for behavior that violates our Community Guidelines.

Details: